| 000 | 00510nam a2200157 a 4500 | ||
|---|---|---|---|
| 008 | 120416s1973 ||||||||||||||||| || u | ||
| 050 | _aHB 171.5 Sam | ||
| 100 | _aSamuelson, Paul B | ||
| 245 | 1 | 0 | _aEconomics |
| 246 | _aPaul Samuelson A. | ||
| 250 | _a9th ed. | ||
| 260 |
_aNew York _bMcGraw-Hill _c1973 |
||
| 300 | _axxvii, 917p. : ill. | ||
| 350 | _a0.00 | ||
| 995 |
_D0.00 _FCBU-MAIN LIBRARY (Kitwe) _H1 _I4.95 _M1 _UDAMAGED _ZMain Library Open Access Collection |
||
| 999 |
_c40953 _d40953 |
||